Autobiografía de mi madre
Spremljeno u:
| Glavni autor: | |
|---|---|
| Format: | Knjiga |
| Jezik: | španjolski |
| Izdano: |
Santiago
LOM
2007
|
| Izdanje: | 1a. ed |
| Serija: | Colección Narrativa
|
| Teme: | |
| Oznake: |
Dodaj oznaku
Bez oznaka, Budi prvi tko označuje ovaj zapis!
|
MARC
| LEADER | 00000nam a2200000 a 4500 | ||
|---|---|---|---|
| 001 | UCI4741 | ||
| 003 | CL-VaPUC | ||
| 008 | 080229e20070000CL |||||||||||||||||spa|d | ||
| 020 | |a 9789562829380 | ||
| 082 | 0 | 4 | |a 823 |b KIN |2 21 |
| 100 | |a Kincaid, Jamaica |e author |9 563427 | ||
| 245 | 1 | 0 | |a Autobiografía de mi madre |
| 250 | |a 1a. ed | ||
| 300 | |a 191 p | ||
| 942 | |c BK | ||
| 945 | |d 20080229 00:00:00 |a jtorresc | ||
| 260 | |a Santiago |b LOM |c 2007 | ||
| 650 | 0 | |a Novelas inglesas |9 265220 | |
| 583 | |a last modification |c 20080229 00:00:00 |k Rodrigo Vera | ||
| 490 | 0 | |a Colección Narrativa | |
| 999 | |c 328587 |d 328585 | ||
| 952 | |0 0 |1 0 |4 0 |6 823_000000000000000_KIN_2007 |7 0 |8 A |9 412557 |a BIBCUR |b BIBCUR |d 2019-11-22 |i 4408470 |o 823 KIN 2007 |p 4408470 |r 2025-04-22 |w 2019-11-22 |y BK |k PER | ||